| 000 | 01312nam a22003617a 4500 | ||
|---|---|---|---|
| 001 | 0039167 | ||
| 003 | KOHA_MİRAKIL | ||
| 005 | 20260207003122.0 | ||
| 007 | ta | ||
| 008 | 121227b2010 tu a|||gr||||#||||0|tur | | ||
| 020 | _a9789750607264 | ||
| 040 |
_aTR-BiSEU _btur _cTR-BiSEU _erda |
||
| 041 | 0 | _atur | |
| 044 | _ctu | ||
| 050 |
_aLD3918 _b.A15 2010 |
||
| 245 | 1 |
_a25. yıl Güzel Sanatlar Fakültesi albümü/ _ckoordinatör Zehra Çobanlı ; düzenleme komitesi F. Gonca İlbeyi Demir ... [ve bşk.]. |
|
| 264 | 1 |
_aEskişehir : _bAnadolu Üniversitesi Güzel Sanatlar Fakültesi _c2010 |
|
| 300 |
_a[486] sayfa : _bresimli |
||
| 336 |
_ametin _btxt _2rdacontent |
||
| 337 |
_aaracısız _bn _2rdamedia |
||
| 338 |
_acilt _bnc _2rdacarrier |
||
| 490 | 1 |
_aAnadolu Üniversitesi yayın ; _vno. |
|
| 490 | 1 | _a2042. | |
| 490 | 1 |
_aGüzel Sanatlar Fakültesi yayınları ; _vno. |
|
| 490 | 1 | _a60 | |
| 650 | 0 |
_aAnadolu Üniversitesi Güzel Sanatlar Fakültesi--Öğrenciler--Yıllıklar. _972921 |
|
| 650 | 0 |
_aAnadolu Üniversitesi Güzel Sanatlar Fakültesi--Öğretim elemanları--Yıllıklar. _972922 |
|
| 830 | 1 |
_aAnadolu Üniversitesi yayın ; _vno. _938202 |
|
| 830 | 1 |
_a2042. _972923 |
|
| 830 | 1 |
_aGüzel Sanatlar Fakültesi yayınları ; _vno. _931067 |
|
| 830 | 1 |
_a60 _99777 |
|
| 942 |
_2lcc _cBK |
||
| 999 |
_c39045 _d39045 |
||